[Event "ch-Paris"]
[Site "Paris FRA"]
[Date "1999.07.17"]
[EventDate "1999.07.17"]
[Round "1"]
[Result "1-0"]
[White "Murtas Kazhgaleyev"]
[Black "Marie Sebag"]
[WhiteElo "2531"]
[BlackElo "2153"]
[PlyCount "51"]

1.d4 Nf6 2.c4 c5 3.d5 b5 4.Nf3 e6 5.dxe6 fxe6 6.cxb5 d5 7.Nbd2
Bb7 8.g3 Be7 9.Bh3 Qd6 10.O-O O-O 11.e4 dxe4 12.Ng5 h6
13.Bxe6+ Kh8 14.Nf7+ Rxf7 15.Bxf7 Qd7 16.Qb3 Qh3 17.Be6 Qh5
18.Re1 Nbd7 19.Qd1 Qg6 20.Nc4 Rd8 21.Bf4 Nh5 22.Bxd7 Nxf4
23.Ne5 Qf6 24.gxf4 g5 25.Qh5 Rg8 26.Bc6 1-0

[Event "ch-FRA (women)"]
[Site "Besanon FRA"]
[Date "1999.08.18"]
[EventDate "1999.08.18"]
[Round "1"]
[Result "1-0"]
[White "Marie Sebag"]
[Black "Nathalie Franc"]
[WhiteElo "2153"]
[BlackElo "2085"]
[PlyCount "91"]

1.e4 d6 2.d4 Nf6 3.Bd3 e5 4.c3 d5 5.dxe5 Nxe4 6.Nf3 Nc6 7.O-O
Bg4 8.Bf4 Bc5 9.Nbd2 g5 10.Bxe4 gxf4 11.Bc2 Qe7 12.Ba4 Qe6
13.Nb3 Bb6 14.Nbd4 Qg6 15.Nxc6 bxc6 16.Qxd5 Bd7 17.Qc4 Rg8
18.Nh4 Qh6 19.e6 fxe6 20.Bxc6 Bxc6 21. Qxc6+ Kf7 22.Nf3 Qg7
23.Nd2 Rad8 24.Rae1 Rd6 25.Qe4 Qh6 26.Nc4 Rdd8 27.b4 Qh3
28.Ne5+ Ke8 29.Kh1 Qxc3 30.Qxh7 Rf8 31.Ng6 Qf6 32.Nxf8 Kxf8
33.Rd1 Rd4 34.Rxd4 Qxd4 35.Qh6+ Ke7 36.Re1 e5 37.h4 Qb2
38.Qxf4 Kd6 39.Qf6+ Kd5 40. Rd1+ Bd4 41.f4 Ke4 42.fxe5 Qxb4
43.Qc6+ Kxe5 44.Qxc7+ Ke4 45.Qc6+ Ke5 46. Qe8+ 1-0

[Event "ch-FRA (women)"]
[Site "Besanon FRA"]
[Date "1999.08.19"]
[EventDate "1999.08.18"]
[Round "2"]
[Result "0-1"]
[White "Marina Martsynovskaya"]
[Black "Marie Sebag"]
[WhiteElo "2202"]
[BlackElo "2153"]
[PlyCount "80"]

1.e4 c5 2.Nc3 Nc6 3.g3 g6 4.Bg2 Bg7 5.d3 d6 6.Be3 e5 7.Qd2 Nd4
8.Nd1 Nf6 9.c3 Ne6 10.h3 Nh5 11.Bh6 Nhf4 12.Bxg7 Nxg2+ 13.Kf1
Nxg7 14.Kxg2 f5 15.Nf3 Bd7 16.Ne3 Be6 17.Nd5 Bxd5 18.exd5 Qf6
19.Rhe1 O-O-O 20.b4 cxb4 21.Rab1 f4 22.Rxb4 Rhf8 23.Qe2 Rf7
24.Rf1 Rdf8 25.d4 exd4 26.Rxd4 fxg3 27.fxg3 Nf5 28.Rd3 Re7
29.Qf2 Rfe8 30.Re1 Rxe1 31.Nxe1 Qe5 32.Nc2 Qe4+ 33.Rf3 Qxd5
34. Nb4 Qc4 35.Qxa7 Re2+ 36.Kg1 Qe4 37.Qa8+ Kd7 38.Qa4+ Ke7
39.Qb5 Qxf3 40. Nd5+ Kf8 0-1

[Event "ch-FRA (women)"]
[Site "Besanon FRA"]
[Date "1999.08.20"]
[EventDate "1999.08.18"]
[Round "3"]
[Result "0-1"]
[White "Marie Sebag"]
[Black "Christine Flear"]
[WhiteElo "2153"]
[BlackElo "2232"]
[PlyCount "68"]

1.e4 c5 2.Nf3 Nc6 3.c3 Nf6 4.Bd3 d6 5.h3 g6 6.O-O Bg7 7.Bc2
O-O 8.a3 e5 9. d4 Qc7 10.dxc5 dxc5 11.Qe2 b6 12.Nbd2 Rd8
13.Bb3 h6 14.Kh2 Bb7 15.g4 Na5 16.Ba2 Rac8 17.b4 cxb4 18.axb4
Qxc3 19.Rb1 Nc6 20.Bb2 Qd3 21.Qe1 b5 22.Rc1 Qd6 23.Rc5 Nxb4
24.Rxb5 Ba6 25.Nc4 Rxc4 26.Bxc4 Bxb5 27.Bxb5 Qc5 28.Qe2 Nxe4
29.Kg2 Nd5 30.Qxe4 Nf4+ 31.Kg1 Nxh3+ 32.Kg2 Nf4+ 33.Kh2 Qxb5
34.Rb1 Nd3 0-1

[Event "ch-FRA (women)"]
[Site "Besanon FRA"]
[Date "1999.08.21"]
[EventDate "1999.08.18"]
[Round "4"]
[Result "1-0"]
[White "Claire Gervais"]
[Black "Marie Sebag"]
[WhiteElo "2179"]
[BlackElo "2153"]
[PlyCount "65"]

1.d4 Nf6 2.Nf3 c5 3.d5 b5 4.Bg5 Qb6 5.Bxf6 Qxf6 6.c3 d6 7.e4
a6 8.Nbd2 Nd7 9.Be2 g6 10.O-O Bg7 11.Ne1 O-O 12.Nd3 e6 13.dxe6
fxe6 14.Bf3 Qe7 15.a4 Bb7 16.Re1 c4 17.Nb4 Nc5 18.axb5 axb5
19.Rxa8 Rxa8 20.Nb1 Ra1 21.Qe2 Na4 22. Qd2 Be5 23.g3 Qf6
24.Bg2 g5 25.f3 h5 26.Rf1 h4 27.Nc2 Ra2 28.f4 gxf4 29. gxf4
Qg6 30.fxe5 h3 31.exd6 Nc5 32.Ne1 Nd7 33.Rf3 1-0

[Event "ch-FRA (women)"]
[Site "Besanon FRA"]
[Date "1999.08.22"]
[EventDate "1999.08.18"]
[Round "5"]
[Result "1-0"]
[White "Marie Sebag"]
[Black "Julia Lebel-Arias"]
[WhiteElo "2153"]
[BlackElo "2053"]
[PlyCount "77"]

1.e4 b6 2.d4 Bb7 3.Nc3 e6 4.Nf3 Nf6 5.Bd3 Bb4 6.Qe2 d5 7.exd5
Nxd5 8.Bd2 Nxc3 9.bxc3 Be7 10.O-O Nd7 11.a4 a5 12.Ne1 O-O
13.f4 Nf6 14.Nf3 c5 15.Rae1 cxd4 16.Nxd4 Bc5 17.f5 exf5
18.Rxf5 Re8 19.Qf2 Rxe1+ 20.Bxe1 Qe7 21.Bd2 Be4 22.Rg5 Re8
23.Qg3 Bg6 24.Bf4 Ne4 25.Bxe4 Qxe4 26.h4 h5 27.Be5 Qxc2
28. Kh2 Bxd4 29.cxd4 Qxa4 30.Rxh5 Qd1 31.Rg5 Re6 32.h5 Rc6
33.hxg6 f6 34.Qh3 fxg5 35.Qh7+ Kf8 36.Qxg7+ Ke8 37.Qf7+ Kd8
38.Qd5+ Ke8 39.Qxc6+ 1-0

[Event "ch-FRA (women)"]
[Site "Besanon FRA"]
[Date "1999.08.23"]
[EventDate "1999.08.18"]
[Round "6"]
[Result "1/2-1/2"]
[White "Marie Sebag"]
[Black "Maria Nepeina Leconte"]
[WhiteElo "2153"]
[BlackElo "2290"]
[PlyCount "104"]

1.e4 c5 2.Nf3 g6 3.c3 Bg7 4.d4 cxd4 5.cxd4 d5 6.e5 Bg4 7.h3
Bxf3 8.Qxf3 Nc6 9.Bb5 Nh6 10.Nc3 Nf5 11.Qd3 h5 12.O-O e6
13.Ne2 h4 14.Bd2 O-O 15.g4 hxg3 16.fxg3 Qb6 17.Bxc6 bxc6 18.g4
Ne7 19.Bg5 Rae8 20.Bf6 c5 21.h4 cxd4 22.h5 Nc6 23.hxg6 fxg6
24.Qxg6 d3+ 25.Kg2 Re7 26.Bxe7 Nxe7 27.Rxf8+ Kxf8 28.Rf1+ Nf5
29.gxf5 dxe2 30.fxe6+ exf1=Q+ 31.Kxf1 Qb5+ 32.Kg1 Qc5+ 33.Kg2
Qe7 34.Qf5+ Ke8 35.b4 Kd8 36.b5 Bh6 37.Kf3 Qf8 38.Qf6+ Qxf6+
39.exf6 Bg5 40.f7 Ke7 41.a4 Bd2 42.Kg4 Bb4 43.Kf5 d4 44.Ke4
Kxe6 45.Kxd4 Kxf7 46.Kd5 Ba5 47.Kc6 Ke6 48.Kb7 Bb6 49.a5 Bxa5
50.Kxa7 Kd7 51.b6 Bxb6+ 52.Kxb6 Kd6 1/2-1/2

[Event "ch-FRA (women)"]
[Site "Besanon FRA"]
[Date "1999.08.24"]
[EventDate "1999.08.18"]
[Round "7"]
[Result "1/2-1/2"]
[White "Anne Muller"]
[Black "Marie Sebag"]
[WhiteElo "2115"]
[BlackElo "2153"]
[PlyCount "80"]

1.e4 c5 2.Nf3 Nc6 3.d4 cxd4 4.Nxd4 Nf6 5.Nc3 e5 6.Ndb5 d6
7.Bg5 a6 8.Na3 b5 9.Nd5 Be7 10.Bxf6 Bxf6 11.c3 Bg5 12.Nc2 Ne7
13.Ncb4 O-O 14.Be2 Ng6 15. O-O Bb7 16.Qd3 Rb8 17.g3 a5 18.Nc2
Ne7 19.Nxe7+ Qxe7 20.Ne3 Bxe3 21.Qxe3 f5 22.exf5 Rxf5 23.Bd3
Rf3 24.Qe2 e4 25.Rae1 e3 26.fxe3 Rbf8 27.Rxf3 Bxf3 28.Qc2 h5
29.Bxb5 Qe6 30.Bf1 h4 31.Bg2 hxg3 32.hxg3 Qg4 33.Kh2 Qh5+
34.Kg1 Qg4 35.Kh2 Qh5+ 36.Kg1 Qe5 37.Kh2 Qh5+ 38.Kg1 Qg4
39.Kh2 Qh5+ 40.Kg1 Qg4 1/2-1/2

[Event "ch-FRA (women)"]
[Site "Besanon FRA"]
[Date "1999.08.26"]
[EventDate "1999.08.18"]
[Round "9"]
[Result "1-0"]
[White "Aurelie Dacalor"]
[Black "Marie Sebag"]
[WhiteElo "2131"]
[BlackElo "2153"]
[PlyCount "77"]

1.d4 Nf6 2.c4 c5 3.d5 b5 4.cxb5 a6 5.e3 axb5 6.Bxb5 Qa5+ 7.Nc3
Ne4 8.Qd3 Nd6 9.Bd2 Qb6 10.b3 Na6 11.Bxa6 Bxa6 12.Qc2 g6
13.Rb1 Bg7 14.Nge2 Qb7 15. f3 O-O 16.e4 Nb5 17.Nxb5 Bxb5 18.a4
Bxe2 19.Kxe2 Bd4 20.Qc4 e6 21.dxe6 fxe6 22.Be3 d5 23.Qd3 Bxe3
24.Kxe3 Rad8 25.Rhd1 Qf7 26.Ke2 Qf4 27.g3 Qh6 28.h4 Qh5 29.Qe3
Rd7 30.exd5 exd5 31.Kf2 Rdf7 32.f4 d4 33.Qe6 Kg7 34.Re1 Rxf4+
35.gxf4 Rxf4+ 36.Kg1 Rg4+ 37.Kf1 Rxh4 38.Qe7+ Kh6 39.Qf8+ 1-0

[Event "ch-FRA (women)"]
[Site "Besanon FRA"]
[Date "1999.08.27"]
[EventDate "1999.08.18"]
[Round "10"]
[Result "1-0"]
[White "Marie Sebag"]
[Black "Malina Nicoara"]
[WhiteElo "2153"]
[BlackElo "2247"]
[PlyCount "93"]

1.e4 c5 2.Nf3 Nc6 3.c3 d5 4.exd5 Qxd5 5.d4 cxd4 6.cxd4 e5
7.Nc3 Bb4 8.Bd2 Bxc3 9.Bxc3 e4 10.Ne5 Nxe5 11.dxe5 Ne7 12.Qe2
O-O 13.Rd1 Qxa2 14.Qxe4 Qb3 15.Qb4 Qe6 16.Bc4 a5 17.Qc5 b6
18.Qc7 Qc6 19.Qxc6 Nxc6 20.Rd6 Bb7 21.Rd7 Ba6 22.Bd5 Bb5 23.e6
Rae8 24.Kd2 Rd8 25.exf7+ Kh8 26.Rxd8 Nxd8 27.Re1 Nxf7 28.Re7
Rd8 29.Rxf7 Rxd5+ 30.Ke1 h5 31.Rxg7 Rc5 32.Rc7+ Kg8 33.Rxc5
bxc5 34.Bxa5 Bc6 35.f3 Kf7 36.Kf2 Kg6 37.g4 Kg5 38.Bd8+ Kg6
39.Kg3 hxg4 40.fxg4 Bd7 41.h4 Kh6 42.h5 Ba4 43.Kh4 Bd1 44.g5+
Kg7 45.g6 Kh6 46.Bg5+ Kg7 47.Be7 1-0

[Event "ch-FRA (women)"]
[Site "Besanon FRA"]
[Date "1999.08.28"]
[EventDate "1999.08.18"]
[Round "11"]
[Result "1/2-1/2"]
[White "Raphaelle Delahaye"]
[Black "Marie Sebag"]
[WhiteElo "2227"]
[BlackElo "2153"]
[PlyCount "117"]

1.c4 e5 2.g3 d6 3.Bg2 Nc6 4.Nc3 Be6 5.d3 Qd7 6.Rb1 g6 7.Nd5
Nd8 8.f4 Bg7 9.Nf3 c6 10.Nc3 Bh3 11.O-O Bxg2 12.Kxg2 Ne6 13.e3
Ne7 14.d4 exd4 15.exd4 d5 16.cxd5 Nxd5 17.Ne5 Bxe5 18.dxe5
Nxc3 19.Qxd7+ Kxd7 20.bxc3 b6 21.Ba3 c5 22.f5 Nc7 23.fxg6 fxg6
24.Rf7+ Kc6 25.c4 Raf8 26.Rxf8 Rxf8 27.Rd1 Re8 28.Rd6+ Kb7
29.Bb2 a6 30.a4 Re7 31.Kf3 b5 32.axb5 axb5 33.cxb5 Nxb5 34.Rf6
c4 35.Ke4 Rd7 36.e6 Rd2 37.Bc1 Rxh2 38.Kd5 Nc7+ 39.Kc5 Re2
40.e7 Rxe7 41. Kxc4 Ne8 42.Rf1 Kc6 43.Bf4 Nd6+ 44.Kd3 Ra7
45.Rc1+ Kd5 46.Bxd6 Kxd6 47.Ke4 Ra3 48.Kf4 h5 49.Re1 Ra5
50.Re8 g5+ 51.Ke4 Kd7 52.Rh8 g4 53.Kf4 Ke7 54.Rh6 Kf7 55.Rb6
Ra3 56.Kg5 Rxg3 57.Kxh5 Rg1 58.Kh4 Kg7 59.Rb4 1/2-1/2

[Event "Eur Youth Ch g14"]
[Site "Litohoto GRE"]
[Date "1999.09.05"]
[EventDate "1999.09.03"]
[Round "3"]
[Result "0-1"]
[White "Marie Sebag"]
[Black "Anna Novikova"]
[WhiteElo "2153"]
[BlackElo "2287"]
[PlyCount "50"]

1.e4 c5 2.Nf3 e6 3.d3 Nc6 4.g3 d5 5.Qe2 Be7 6.Bg2 Nf6 7.O-O b6
8.h4 h6 9. e5 Nd7 10.c4 dxc4 11.dxc4 Bb7 12.Rd1 Qc7 13.Nc3 a6
14.Bf4 O-O-O 15.Nd5 Qb8 16.Nxe7+ Nxe7 17.Rab1 g5 18.hxg5 Ng6
19.Re1 Qa8 20.Qe3 hxg5 21.Bxg5 Ndxe5 22.Nxe5 Bxg2 23.f3 Nxe5
24.Kxg2 Rd2+ 25.Re2 Nxf3 0-1

[Event "Eur Youth Ch g14"]
[Site "Litohoto GRE"]
[Date "1999.09.06"]
[EventDate "1999.09.03"]
[Round "4"]
[Result "0-1"]
[White "Maria Kursova"]
[Black "Marie Sebag"]
[WhiteElo "2042"]
[BlackElo "2153"]
[PlyCount "105"]

1.d4 Nf6 2.c4 c5 3.d5 b5 4.cxb5 a6 5.bxa6 g6 6.Nc3 Bxa6 7.g3
d6 8.Bg2 Bg7 9.Nf3 Nbd7 10.O-O O-O 11.Qc2 Nb6 12.Rd1 Qc7 13.e4
Rfb8 14.Rb1 Nfd7 15.b3 Ne5 16.Nxe5 Bxe5 17.Bb2 h5 18.f4 Bd4+
19.Kh1 Qd7 20.a4 h4 21.gxh4 Qg4 22. Qd2 Qxh4 23.Na2 Bxb2
24.Rxb2 Kg7 25.Qf2 Qg4 26.Re1 Rh8 27.Re3 Rh4 28.Rf3 Rah8 29.h3
Nd7 30.Rb1 Nf6 31.Re1 Bc8 32.Ree3 Qh5 33.Kg1 Kg8 34.Qe1 Qh6
35. Qf1 Kf8 36.b4 g5 37.e5 gxf4 38.exf6 fxe3 39.fxe7+ Ke8
40.Qb5+ Kxe7 41.bxc5 Re4 42.Nc3 Re5 43.Qb6 e2 44.Qc7+ Bd7
45.Nxe2 Rxe2 46.cxd6+ Kf8 47.Qxd7 Rxg2+ 48.Kxg2 Rg8+ 49.Kf1
Qc1+ 50.Ke2 Rg2+ 51.Kd3 Rd2+ 52.Ke4 Qc4+ 53.Ke5 0-1

[Event "Eur Youth Ch g14"]
[Site "Litohoto GRE"]
[Date "1999.09.07"]
[EventDate "1999.09.03"]
[Round "5"]
[Result "1-0"]
[White "Marie Sebag"]
[Black "Aleksandra Dimovski"]
[WhiteElo "2153"]
[BlackElo "2110"]
[PlyCount "55"]

1.e4 e5 2.Nf3 Nc6 3.Bb5 f5 4.Nc3 fxe4 5.Nxe4 Nf6 6.Nxf6+ gxf6
7.O-O Bg7 8. d4 O-O 9.dxe5 fxe5 10.Bc4+ Kh8 11.Ng5 Qe8 12.Qd5
Nd8 13.Bd3 Qh5 14.Nxh7 c6 15.Qd6 Rg8 16.Nf6 Nf7 17.Nxh5 Nxd6
18.Nxg7 Rxg7 19.Bd2 e4 20.Be2 Re7 21. Bb4 Re6 22.f4 a5 23.Bc3+
Kg8 24.f5 Re8 25.Rf4 e3 26.Bh5 Re4 27.Rf3 Nc4 28. f6 1-0

[Event "Eur Youth Ch g14"]
[Site "Litohoto GRE"]
[Date "1999.09.08"]
[EventDate "1999.09.03"]
[Round "6"]
[Result "0-1"]
[White "Tamari Tsereteli"]
[Black "Marie Sebag"]
[WhiteElo "2273"]
[BlackElo "2153"]
[PlyCount "100"]

1.e4 c5 2.d4 cxd4 3.c3 dxc3 4.Nxc3 Nc6 5.Nf3 d6 6.Bc4 Nf6 7.e5
dxe5 8. Qxd8+ Nxd8 9.Nb5 Rb8 10.Nxe5 e6 11.Nc7+ Ke7 12.Be3 Nc6
13.O-O-O Nd7 14. Nxf7 Kxf7 15.Bxe6+ Kg6 16.Bxd7 Bxd7 17.Rxd7
Rc8 18.Ne6 Nd4+ 19.Rc7 Bd6 20. Nxd4 Bxc7 21.Kb1 Bb6 22.Nc2
Bxe3 23.Nxe3 Rhf8 24.Rf1 Rce8 25.Nd1 Re2 26.a3 a6 27.h3 h5
28.g3 Rf3 29.Rg1 Kh7 30.h4 Kh6 31.Rf1 Kg6 32.Rg1 Kf5 33.Kc1
Kg4 34.Ne3+ Rexe3 35.fxe3 Rxe3 36.Rd1 Rxg3 37.Rd4+ Kh3 38.Rb4
b5 39.a4 bxa4 40.Rxa4 Rg4 41.Rxa6 Kxh4 42.Kc2 Kg3 43.Ra3+ Kg2
44.Rd3 h4 45.Rd2+ Kh3 46.Rd3+ Kg2 47.Rd2+ Kf3 48.Rd3+ Ke4
49.Ra3 Rg2+ 50.Kc1 g5 0-1

[Event "Eur Youth Ch g14"]
[Site "Litohoto GRE"]
[Date "1999.09.10"]
[EventDate "1999.09.03"]
[Round "8"]
[Result "1-0"]
[White "Marie Sebag"]
[Black "Joanna Worek"]
[WhiteElo "2153"]
[BlackElo "2062"]
[PlyCount "113"]

1.e4 c5 2.Nf3 e6 3.c3 d5 4.exd5 exd5 5.d4 Nc6 6.Bb5 Bd6 7.O-O
Ne7 8.dxc5 Bxc5 9.Nbd2 Bb6 10.Nb3 Bg4 11.Bg5 O-O 12.h3 Bh5
13.Bxc6 bxc6 14.Nbd4 Rc8 15.Re1 Re8 16.Qd2 f6 17.Ne6 Qd7
18.Nxg7 Kxg7 19.Bxf6+ Kg8 20.Qg5+ Ng6 21. Qxh5 Rf8 22.Bd4 Bxd4
23.Nxd4 Qf7 24.Rf1 Kh8 25.Rae1 Rg8 26.Ne6 Qf6 27.Ng5 Rg7
28.Re6 Qf5 29.Rfe1 Rf8 30.Re8 Qxf2+ 31.Kh1 Qf5 32.Qf3 Qxg5
33.Rxf8+ Nxf8 34.Qxf8+ Rg8 35.Qf2 Qg7 36.Qd4 Qxd4 37.cxd4 Rb8
38.b3 a5 39.Rc1 Rb6 40.Rc5 a4 41.bxa4 Rb4 42.a5 Rxd4 43.a6 Ra4
44.Rxc6 Rxa2 45.Kg1 d4 46.Kf1 Kg7 47.g4 d3 48.Ke1 Kf7 49.g5
Ke7 50.h4 Kf7 51.h5 Ke7 52.Rc7+ Ke6 53.Rxh7 Kf5 54.g6 Kf4
55.Rf7+ Ke3 56.Re7+ Kd4 57.g7 1-0

[Event "Eur Youth Ch g14"]
[Site "Litohoto GRE"]
[Date "1999.09.11"]
[EventDate "1999.09.03"]
[Round "9"]
[Result "1/2-1/2"]
[White "Alina L'Ami"]
[Black "Marie Sebag"]
[WhiteElo "2089"]
[BlackElo "2153"]
[PlyCount "52"]

1.d4 d5 2.c4 c6 3.Nf3 Nf6 4.Nc3 a6 5.cxd5 cxd5 6.Bf4 Nc6 7.e3
Bg4 8.h3 Bxf3 9.Qxf3 e6 10.Bd3 h6 11.Bg3 Bd6 12.Bh4 Be7 13.O-O
O-O 14.Rac1 Nd7 15. Bg3 Nb6 16.Ne2 Rc8 17.Qg4 Bf6 18.Nf4 e5
19.Qf5 e4 20.Bb1 g6 21.Qg4 Bg7 22. Rc5 g5 23.Nh5 f5 24.Qe2 f4
25.Bh2 fxe3 26.Nxg7 exf2+ 1/2-1/2

[Event "WCh U14 Girls"]
[Site "Oropesa del Mar ESP"]
[Date "1999.10.24"]
[EventDate "1999.10.24"]
[Round "1"]
[Result "1-0"]
[White "Marie Sebag"]
[Black "Edyta Kupczyk"]
[WhiteElo "2153"]
[BlackElo "2001"]
[PlyCount "71"]

1.e4 c6 2.Nc3 d5 3.Nf3 dxe4 4.Nxe4 Nf6 5.Nxf6+ gxf6 6.Bc4 Bg4
7.Ne5 fxe5 8.Qxg4 e6 9.O-O Nd7 10.d3 h5 11.Qe2 Be7 12.f4 Qc7
13.f5 Qd6 14.fxe6 fxe6 15.Be3 O-O-O 16.a4 Rdg8 17.Bxa7 Bd8
18.Be3 Bc7 19.Kh1 Rg4 20.g3 Rhg8 21. Rg1 Nf6 22.Qf2 Qe7 23.Bc5
Qf7 24.Raf1 R4g6 25.Qf5 Re8 26.Qxh5 Qg7 27.Qf3 Qh7 28.Kg2 Ng4
29.Rh1 Rh8 30.Bxe6+ Rxe6 31.Qxg4 Qh6 32.Be3 Qg6 33.Qxg6 Rxg6
34.Rf3 Rg4 35.b3 e4 36.dxe4 1-0

[Event "WCh U14 Girls"]
[Site "Oropesa del Mar ESP"]
[Date "1999.10.25"]
[EventDate "1999.10.24"]
[Round "2"]
[Result "0-1"]
[White "Julia Pina Sierra"]
[Black "Marie Sebag"]
[WhiteElo "2101"]
[BlackElo "2153"]
[PlyCount "102"]

1.e4 c5 2.Nf3 Nc6 3.d4 cxd4 4.Nxd4 Nf6 5.Nc3 e5 6.Ndb5 d6
7.Bg5 a6 8.Na3 b5 9.Nd5 Be7 10.Bxf6 Bxf6 11.c3 Bg5 12.Nc2 O-O
13.Nce3 Bb7 14.Be2 Bxe3 15. Nxe3 Ne7 16.Bf3 Qb6 17.O-O Rad8
18.Qb3 Kh8 19.c4 f5 20.Nd5 Nxd5 21.exd5 Qc5 22.Rac1 Rc8 23.Be2
Ba8 24.a3 bxc4 25.Rxc4 Qxd5 26.f3 Rb8 27.Qc3 Bb7 28.Rd1 Qe6
29.Rc7 d5 30.f4 d4 31.Qg3 Qh6 32.fxe5 d3 33.e6 dxe2 34.Rdd7
Qg6 35.Kf2 Qxg3+ 36.hxg3 Be4 37.e7 Rfe8 38.b4 Kg8 39.Kxe2 Bxg2
40.Ke3 Kf7 41. Kd4 Ke6 42.Ra7 g5 43.Rdc7 Rb6 44.b5 axb5 45.Kc5
Rd6 46.Kxb5 f4 47.gxf4 gxf4 48.Ra4 f3 49.Rf4 Rd2 50.Re4+ Kd6
51.Rc6+ Kd7 0-1

[Event "WCh U14 Girls"]
[Site "Oropesa del Mar ESP"]
[Date "1999.10.26"]
[EventDate "1999.10.24"]
[Round "3"]
[Result "1-0"]
[White "Marie Sebag"]
[Black "Anna Novikova"]
[WhiteElo "2153"]
[BlackElo "2287"]
[PlyCount "109"]

1.e4 c5 2.Nf3 e6 3.c3 d5 4.exd5 exd5 5.d4 Nc6 6.Bb5 Bd6 7.O-O
Ne7 8.dxc5 Bxc5 9.Nbd2 O-O 10.Nb3 Bb6 11.Bg5 Qd6 12.h3 h6
13.Bc1 Nf5 14.Bd3 Re8 15. Qc2 Qf6 16.Kh1 Nh4 17.Nxh4 Qxh4
18.Bf5 a5 19.Bxc8 Raxc8 20.Qf5 Qc4 21.Be3 g6 22.Qf3 Ne5 23.Qg3
Bc7 24.Bxh6 Nd3 25.Qf3 Qe4 26.Qxe4 dxe4 27.Rab1 f5 28.g3 Kf7
29.Be3 Rh8 30.Kg2 b6 31.f3 exf3+ 32.Rxf3 Rhe8 33.Nd4 Re4
34.Bd2 Ne5 35.Re3 Rxe3 36.Bxe3 Nc4 37.Bg5 Re8 38.b3 Ne3+
39.Kf3 Nd5 40.Rc1 Be5 41.Nb5 Re6 42.a3 Nf6 43.Bxf6 Kxf6 44.c4
g5 45.Rd1 f4 46.gxf4 Bxf4 47.Rd3 Re1 48.Nc3 Rf1+ 49.Kg2 Ra1
50.b4 axb4 51.axb4 Ke6 52.Nd5 Bd6 53.Nxb6 Bxb4 54.Rd5 Be7
55.Nc8 1-0

[Event "WCh U14 Girls"]
[Site "Oropesa del Mar ESP"]
[Date "1999.10.28"]
[EventDate "1999.10.24"]
[Round "5"]
[Result "1/2-1/2"]
[White "Marie Sebag"]
[Black "Katarzyna Toma"]
[WhiteElo "2153"]
[BlackElo "2283"]
[PlyCount "92"]

1.e4 c5 2.Nf3 Nc6 3.c3 Nf6 4.Bd3 d5 5.e5 c4 6.Bc2 Ng4 7.Qe2
Qc7 8.Ba4 Bf5 9.Nd4 Bxb1 10.Nxc6 bxc6 11.Qxg4 Bd3 12.Qg3 Rc8
13.b3 Qa5 14.Ba3 h5 15.Bb4 Qa6 16.Qe3 e6 17.Bxf8 Kxf8 18.Qc5+
Ke8 19.Qd6 h4 20.f4 Rh6 21.Rg1 Qb6 22. O-O-O Qc7 23.Qxc7 Rxc7
24.bxc4 Bxc4 25.d3 Bb5 26.Bxb5 cxb5 27.Kd2 Kd7 28. a4 bxa4
29.Ra1 Rh8 30.Rxa4 Rb8 31.Kc2 Rbc8 32.Ra3 Ke8 33.g3 hxg3
34.hxg3 Ke7 35.Rga1 a6 36.Rh1 g6 37.Rh7 Rc6 38.Rb3 R8c7 39.d4
a5 40.Ra3 a4 41.Rxa4 Rxc3+ 42.Kd2 Rc2+ 43.Kd1 Rc1+ 44.Kd2 R7c3
45.Ra7+ Rc7 46.Rxc7+ Rxc7 1/2-1/2

[Event "WCh U14 Girls"]
[Site "Oropesa del Mar ESP"]
[Date "1999.10.29"]
[EventDate "1999.10.24"]
[Round "6"]
[Result "1/2-1/2"]
[White "Maria Kursova"]
[Black "Marie Sebag"]
[WhiteElo "2042"]
[BlackElo "2153"]
[PlyCount "59"]

1.Nf3 Nf6 2.c4 c6 3.g3 d5 4.cxd5 cxd5 5.d4 Nc6 6.Nc3 e6 7.Bg2
Bd6 8.O-O O-O 9.Bf4 Bxf4 10.gxf4 Ne4 11.Nxe4 dxe4 12.Ne5 Qh4
13.e3 Nxe5 14.dxe5 g5 15.Qd4 b6 16.Qxe4 Ba6 17.Rfd1 Rad8 18.f5
Qxe4 19.Bxe4 exf5 20.Bxf5 Be2 21. Rd4 Rxd4 22.exd4 Rd8 23.Re1
Bc4 24.b3 Be6 25.Bxe6 fxe6 26.Rd1 Kf7 27.f3 Kg6 28.Kf2 Kf5
29.Ke3 Rc8 30.Kd3 1/2-1/2

[Event "WCh U14 Girls"]
[Site "Oropesa del Mar ESP"]
[Date "1999.10.31"]
[EventDate "1999.10.24"]
[Round "7"]
[Result "1-0"]
[White "Marie Sebag"]
[Black "Cindy Tsai"]
[WhiteElo "2153"]
[BlackElo "2203"]
[PlyCount "83"]

1.e4 c5 2.Nf3 d6 3.c3 Nf6 4.Be2 Nbd7 5.d3 b6 6.O-O Bb7 7.Nfd2
g6 8.f4 Bg7 9.Na3 O-O 10.Nc2 Qc7 11.Ne3 Rad8 12.Nf3 e5 13.fxe5
Nxe5 14.Nxe5 dxe5 15. Qe1 b5 16.Qh4 Rd6 17.c4 Ba6 18.b3 b4
19.Bb2 Re8 20.Rf3 Nh5 21.Nd5 Qd7 22. Rh3 Bc8 23.Bxh5 gxh5
24.Qxh5 Rh6 25.Qxh6 Bxh6 26.Nf6+ Kg7 27.Nxd7 Bxd7 28. Rg3+ Kf8
29.h3 f6 30.a3 a5 31.axb4 axb4 32.Ra6 Kf7 33.Rf3 Bg5 34.Ra5
Rc8 35.Bxe5 Ke7 36.Bb2 Rc6 37.d4 cxd4 38.Bxd4 Bd2 39.Rd3 Bf4
40.Bc5+ Bd6 41. Rxd6 Rxd6 42.Ra6 1-0

[Event "WCh U14 Girls"]
[Site "Oropesa del Mar ESP"]
[Date "1999.11.01"]
[EventDate "1999.10.24"]
[Round "8"]
[Result "1-0"]
[White "Marie Sebag"]
[Black "Elmira Hasanova"]
[WhiteElo "2153"]
[BlackElo "2194"]
[PlyCount "55"]

1.e4 c5 2.Nf3 Nc6 3.d4 cxd4 4.Nxd4 e5 5.Nb5 a6 6.Nd6+ Bxd6
7.Qxd6 Qf6 8. Qxf6 Nxf6 9.Nc3 Nb4 10.Bd3 Nxd3+ 11.cxd3 h6
12.f4 d6 13.O-O b5 14.b4 Bb7 15.a4 bxa4 16.Nxa4 Nd7 17.Nb2 Ke7
18.Nc4 Rac8 19.Ne3 g6 20.Bb2 f6 21.Rf2 Rhf8 22.g4 Nb6 23.h4 h5
24.f5 Rg8 25.g5 gxf5 26.Nxf5+ Ke6 27.Nxd6 Kxd6 28. Rxf6+ 1-0

[Event "WCh U14 Girls"]
[Site "Oropesa del Mar ESP"]
[Date "1999.11.02"]
[EventDate "1999.10.24"]
[Round "9"]
[Result "1-0"]
[White "Elisabeth Paehtz"]
[Black "Marie Sebag"]
[WhiteElo "2276"]
[BlackElo "2153"]
[PlyCount "63"]

1.g3 d5 2.Bg2 Nf6 3.d3 Bf5 4.Nf3 h6 5.Nbd2 e6 6.b3 Be7 7.Bb2
O-O 8.O-O c5 9.Qe1 Nc6 10.e4 Bh7 11.Qe2 Nb4 12.Ne1 Rc8 13.Kh1
b5 14.a3 Nc6 15.e5 Nd7 16.f4 Na5 17.Ndf3 c4 18.Nd4 Qb6 19.Nef3
b4 20.axb4 Bxb4 21.bxc4 dxc4 22. Rab1 cxd3 23.cxd3 Qa6 24.f5
exf5 25.Nh4 f4 26.Ndf5 Rfe8 27.Nxg7 Kxg7 28. e6+ Kf8 29.Qg4
Qxe6 30.Qg7+ Ke7 31.Qxh7 Nf8 32.Qg7 1-0

[Event "WCh U14 Girls"]
[Site "Oropesa del Mar ESP"]
[Date "1999.11.04"]
[EventDate "1999.10.24"]
[Round "10"]
[Result "0-1"]
[White "Marie Sebag"]
[Black "Zhao Xue"]
[WhiteElo "2153"]
[BlackElo "2374"]
[PlyCount "38"]

1.e4 c5 2.Nf3 d6 3.c3 Nf6 4.Be2 Nbd7 5.d3 c4 6.d4 Nxe4 7.Bxc4
e6 8.Qe2 Nef6 9.O-O Be7 10.Re1 h6 11.Bf4 O-O 12.Nbd2 Re8
13.Bb3 Bf8 14.Qd3 Qc7 15. a4 a5 16.Qc4 Qb8 17.Bc2 b6 18.b4
axb4 19.Qxb4 Nd5 0-1

[Event "ch-FRA Women"]
[Site "Vichy FRA"]
[Date "2000.08.16"]
[EventDate "2000.08.16"]
[Round "1"]
[Result "0-1"]
[White "Roza (Te) Lallemand"]
[Black "Marie Sebag"]
[WhiteElo "2289"]
[BlackElo "2227"]
[PlyCount "66"]

1.e4 e5 2.Nf3 Nc6 3.Bb5 a6 4.Ba4 Nf6 5.Qe2 b5 6.Bb3 Bc5 7.c3
O-O 8.O-O d6 9.d3 h6 10.Be3 Bb6 11.Nbd2 Ne7 12.Nh4 g5 13.Qf3
Kg7 14.Bxb6 cxb6 15.Nf5+ Nxf5 16.exf5 d5 17.Rfe1 Re8 18.h4 Bb7
19.hxg5 hxg5 20.Bd1 Qd7 21.Qg3 Qxf5 22.Nf3 Nh5 23.Qxg5+ Qxg5
24.Nxg5 Nf4 25.Bc2 f6 26.Nh3 Nxh3+ 27.gxh3 Rh8 28.f4 Rxh3
29.fxe5 Rah8 30.exf6+ Kxf6 31.Rf1+ Kg5 32.Kf2 Rh2+ 33.Ke3 Re8+
0-1

[Event "ch-FRA Women"]
[Site "Vichy FRA"]
[Date "2000.08.17"]
[EventDate "2000.08.16"]
[Round "2"]
[Result "1-0"]
[White "Marie Sebag"]
[Black "Christine Flear"]
[WhiteElo "2227"]
[BlackElo "2230"]
[PlyCount "51"]

1.e4 c5 2.Nf3 Nc6 3.d4 cxd4 4.Nxd4 Qc7 5.Nc3 e6 6.Be3 a6 7.Qd2
Nf6 8.O-O-O Bb4 9.f3 Ne5 10.Nb3 b5 11.Bd4 h6 12.Qe1 Nc6 13.Be3
Be7 14.g4 Ne5 15.Qf2 Rb8 16.h4 Nc4 17.Be2 Nxb2 18.Kxb2 Ba3+
19.Kxa3 Qxc3 20.Bc5 b4+ 21.Ka4 Qxc2 22.Rd2 Qc3 23.Rc1 Nxe4
24.fxe4 Qe5 25.Bd6 Qxe4 26.Qf3 1-0

[Event "ch-FRA Women"]
[Site "Vichy FRA"]
[Date "2000.08.18"]
[EventDate "2000.08.16"]
[Round "3"]
[Result "1/2-1/2"]
[White "Jean-Olivier Leconte"]
[Black "Marie Sebag"]
[WhiteElo "2253"]
[BlackElo "2227"]
[PlyCount "109"]

1.e4 e5 2.Nf3 Nc6 3.Nc3 Nf6 4.Bb5 Nd4 5.Nxd4 exd4 6.e5 dxc3
7.exf6 Qxf6 8. dxc3 Bc5 9.O-O c6 10.Bd3 d5 11.Qh5 g6 12.Qh6
Bf8 13.Qe3+ Be6 14.Qg3 Bg7 15.Bg5 Qe5 16.Bf4 Qf6 17.Rfe1 Qe7
18.Re2 Qd7 19.Rae1 c5 20.Bf5 O-O 21.Bxe6 fxe6 22.Rxe6 Rae8
23.Rxe8 Rxe8 24.Rxe8+ Qxe8 25.Qe3 Qxe3 26.Bxe3 b6 27.Kf1 Kf7
28.Ke2 Kf6 29.Bf4 a6 30.Kd3 b5 31.Be3 Bf8 32.Ke2 a5 33.g4 Ke5
34.f3 b4 35.cxb4 axb4 36.a4 bxa3 37.bxa3 d4 38.Bd2 Kd5 39.a4
c4 40.h4 Bg7 41.Bg5 h6 42.Be7 Be5 43.Bf8 h5 44.gxh5 gxh5
45.Bh6 Ke6 46.f4 Bc7 47.Bg7 d3+ 48.cxd3 cxd3+ 49.Kxd3 Bxf4
50.a5 Kd5 51.Bf6 Kc5 52.Ke4 Bg3 53.Kf5 Kb5 54.Bd8 Bxh4 55.Bxh4
1/2-1/2